LEADER 01049nam a2200241 i 4500 001 000000190218 003 CaOOAMICUS 005 20150216000000.0 008 150216n it u000 u ita u 013 $a168584 040 $aSeMil$bita 100 1 $aSironi, Virginio.$0(OLS)http://semarc/name/55554 245 13$aIl sole a mezzanotte ossia L'anima di don Carlo Gnocchi :$bincontri, itinerari, diari /$cVirginio Sironi. 260 $aMilano :$bEditrice Convivio Letterario,$cstampa 1968. 300 $a146 p. ;$c21 cm. 500 $aFondo card. Giovanni Colombo. 600 14$aGnocchi, Carlo .$0(OLS)http://semarc/subject/2274 850 $aSeMil 852 $aSeMil$W1$xVenegono$y1$m3GC V 171$j140846$B140846$CSeMilBibl$Z2$F152434 $8B 941 1 $a3 961 $aLascito: Colombo Card. Giovanni 996 $6245$aIl sole a mezzanotte ossia L'anima di don Carlo Gnocchi :$bincontri, itinerari, diari$9(OLS)http://semarc/title/274033 996 $6260$aMilano :$bEditrice Convivio Letterario$9(OLS)http://semarc/publisher/30930 LEADER 00966nam a2200253 i 4500 001 000000069000 003 CaOOAMICUS 005 20220711142422.0 008 100817s1983 it u000 u ita u 013 $a40172 040 $aSeMil$bita 100 1 $aFranz, Marie-Louise : von,$d<1915-1998>.$0(OLS)http://semarc/name/34483 245 13$aIl femminile nella fiaba /$cMarie-Louise von Franz. 264 1$aTorino :$bBoringhieri,$c1983. 300 $a213 p. ;$c22 cm. 490 1 $aSaggi 650 4$aFiaba - Psicologia.$0(OLS)http://semarc/subject/52623 650 4$aFiaba - Figure femminili.$0(OLS)http://semarc/subject/52626 830 0$aSaggi.$0(OLS)http://semarc/title/341 850 $aSeMil 852 $aSeMil$W1$xVenegono$y1$m2O IV 312$j35153$B35153$CSeMilBibl$Z2$F35156 $81 996 $6245$aIl femminile nella fiaba$9(OLS)http://semarc/title/110420 996 $6264$aTorino :$bBoringhieri$9(OLS)http://semarc/publisher/30229